logo

Bir Sreshtho Munshi Abdur Rouf Library
Jhenaidah Cadet College

গোবিন্দচন্দ্র দাস : (Record no. 9407)

MARC details
000 -LEADER
fixed length control field 00740nam a2200229 a 4500
001 - CONTROL NUMBER
JCCL Control Number 9407
003 - CONTROL NUMBER IDENTIFIER
JCCL marc code BD-JhCC
005 - DATE AND TIME OF LATEST TRANSACTION
control field 20180527135330.0
008 - FIXED-LENGTH DATA ELEMENTS--GENERAL INFORMATION
fixed length control field 180314s1987 b a|||| ||a| 000 0 d
035 ## - SYSTEM CONTROL NUMBER
system control number (BD-JhCC)9407
040 ## - CATALOGING SOURCE
Original cataloging agency BD-JhCC
Modifying agency BD-JhCC
041 ## - LANGUAGE CODE
Language code of Book ben
082 ## - DEWEY DECIMAL CLASSIFICATION NUMBER
Classification number 928
Author mark and Year MOK 1987
100 ## - MAIN ENTRY--PERSONAL NAME
Personal name মকসুদ, সৈয়দ আবুল
245 ## - TITLE STATEMENT
Title গোবিন্দচন্দ্র দাস :
Statement of responsibility, etc ১৮৫৫-১৯১৮ /
Remainder of title সৈয়দ আবুল মকসুদ
260 ## - PUBLICATION, DISTRIBUTION, ETC. (IMPRINT)
Place of publication, distribution, etc ঢাকা :
Name of publisher, distributor, etc বাংলা একাডেমী ;
Date of publication, distribution, etc 1987.
300 ## - PHYSICAL DESCRIPTION
Pagination 64 p. :
Dimensions 21 cm.
490 ## - SERIES STATEMENT
Series statement জীবনী গ্রন্থমালা
651 ## - SUBJECT ADDED ENTRY--GEOGRAPHIC NAME
Geographic name Biography.
942 ## - ADDED ENTRY ELEMENTS (KOHA)
Source of classification or shelving scheme Dewey Decimal Classification
Koha item type Books
Holdings
Source of classification or shelving scheme Damaged status Not for loan Home library Current library Shelving location Date of accession Cost, normal purchase price Total Checkouts Full call number Barcode Date last seen Copy number Koha item type
Dewey Decimal Classification     JCC Rouf Library JCC Rouf Library General Stacks 03/14/2018 15.00   928 MOK 1987 12571 03/14/2018 C-1 Books

JCC Library | Contacts | JCC Home

Last Update on 23 September 2017
Copyright @ 2017-2020 JCC Rouf Library
Rouf Library, Jhenidah Cadet College (JCC), Bangladesh